| 000 | 00918cab a2200265 4500 | ||
|---|---|---|---|
| 001 | ABS57492 | ||
| 008 | 090401t1997 xxu||||| |||| 00| 0 eng d | ||
| 035 | _a(Sirsi) u80311 | ||
| 041 | _aeng | ||
| 100 | _aGilder, D | ||
| 245 | _aIs this reasonable? | ||
| 260 | _c1997 | ||
| 350 | _a0 | ||
| 490 |
_aEstates Gazette _v(9732) 9 August 1997, 79-81(3) |
||
| 520 | _aDescribes how honest landlords may be unfairly hit by changes introduced by the Housing Act 1996. Tenants can now challange service charges on the grounds of `reasonableness`. | ||
| 650 | _aHOUSING ACT 1996 | ||
| 650 | _aLANDLORD AND TENANT ACT 1987 | ||
| 650 | _aLEASEHOLD VALUATION TRIBUNAL | ||
| 650 | _aREASONABLENESS | ||
| 650 | _aRICS RESIDENTIAL MANAGEMENT CODE | ||
| 650 | _aSERVICE CHARGES | ||
| 690 | _aPROPERTY-RESIDENTIAL PROPERTY-RESIDENTIAL LANDLORD AND TENANT-RESIDENTIAL TENANCIES | ||
| 942 | _n0 | ||
| 948 | _c18/08/1997 | ||
| 999 |
_c50573 _d50573 |
||